Responses for Show #8627 - Tuesday, April 26, 2022

Mattea Roach game 16.

Contestants

[<< previous game]

Reya Sehgal, a cultural strategist and performer from Brooklyn, New York

Nicky Smith, a debate instructor from San Francisco, California

Mattea Roach, a tutor from Toronto, Ontario, Canada (whose 15-day cash winnings total $352,781)

[next game >>]

Jeopardy! Round responses

GENERAL KNOWLEDGE
THE MIDDLE AGES
I LEARNED IT IN THE COMIC BOOKS
ITALIAN CUISINE
LET'S TALK SCIENCE
MINI-"ME"
(Ken: "M-E" will begin each response in that category.)
    $200 17
Beijing

Mattea
    $200 1
the birth of Christ

Mattea
    $200 16
Aquaman

Triple Stumper
    $200 12
prosciutto

Nicky
    $200 26
Newton

Mattea
    $200 6
[Mattea gives both options.]

mew (meow)

Mattea
    $400 18
Aries

Mattea
    $1,000 2
the Dark Ages

Mattea
    $400 22
a lasso

Reya
    $400 11
tiramisu

Mattea
    $400 27
(Mattea: What is Fahrenheit?)
...
(Reya: Thanks, Mattea.)

Celsius

MatteaReya
    $400 7
a memo

Reya
    $600 19
(Nicky: What is 10?)

100

MatteaNicky
    $600 3
excommunicate

Mattea
    $600 23
(Reya: What is The New York Times?)
(Nicky: What is the New York Post?)
...
(Ken: No, it's a fictional paper, [*]. [Imitating Jameson] Get me more pictures of Spider-Man!)
[Laughter]

The Daily Bugle

NickyReya
Triple Stumper
    $600 13
Parmesan

Nicky
    $600 28
hemophilia

Triple Stumper
    $600 8
a melon

Reya
    $800 20
the Pulitzers

Triple Stumper
    $800 4
guilds

Mattea
    $800 24
She-Hulk

Reya
    $800 14
anchovies

Mattea
    $800 29
enzymes

Triple Stumper
    $800 9
a mezuzah

Reya
    $1000 21
a hazelnut

Triple Stumper
    $1000 5
(Ken: For France, that's right.)

the Franks

Mattea
    $1000 25
Gamora

Mattea
    $1000 15
osso buco

Reya
    $1000 30
mitochondrial

Mattea
    $1000 10
a meson

Triple Stumper

Scores at the first commercial break (after clue 15):

Mattea Nicky Reya
$5,000 $800 $2,800

Scores at the end of the Jeopardy! Round:

Mattea Nicky Reya
$8,000 -$400 $3,800

Double Jeopardy! Round responses

COLONEL KNOWLEDGE
TV SHOWS BY SETTING
ON THE MEDITERRANEAN
ONE BIG FAMILY
1870s LITERATURE
____, ____ & ____
    $400 17
New Jersey

Nicky
    $400 19
Orange is the New Black

Mattea
    $400 7
Marseille

Mattea
    $400 23
(Ken: Those are Teddy [*]'s kids.)

the Roosevelts

Mattea
    $400 2
a vampire

Mattea
    $400 12
reading, writing & arithmetic

Reya
    $800 18
Colonel Mustard

Reya
    $800 28
American Horror Story

Nicky
    $800 8
Gibraltar

Mattea
    $800 24
the Astors

Mattea
    $800 3
go around the world in 80 days

Mattea
    $800 13
stop, drop & roll

Mattea
    $1200 20
Colonel Sanders

Mattea
    $1200 29
(Nicky: What is Grey's Anatomy?)
(Ken: No, I'm sorry.)
(Nicky: Damn, I was trying to come...)
[Laughter]
(Ken: You had to guess.)
(Nicky: I had to come back.)

The Good Doctor

Nicky
Triple Stumper
    $1200 9
Turkey

Mattea
    $2,000 25
(Ken: Of Sound of Music fame.)

the von Trapps

Mattea
    $1200 4
Horatio Alger

Triple Stumper
    $1200 14
hook, line & sinker

Mattea
    $1600 21
Japan

Mattea
    $1600 30
(Mattea: What is Dynasty?)
(Ken: No.)
(Mattea: No, that's too late.)
(Nicky: You know what, why not? What's [*]?)
([Offstage] Hey!)
(Nicky: Bump it up! Bump it up!)
[Applause]

Dallas

MatteaNicky
    $1600 10
the Adriatic Sea

Mattea
    $1600 26
Stroganov

Mattea
    $1600 5
Nietzsche

Mattea
    $4,000 15
(Mattea: Uh, oh... what are--I don't remember the name, but the things that they use to swing the incense around in?)
[Laughter]
(Ken: No, I'm sorry, I would have prompted 'cause I'm interested in hearing more... but, no, you toll the bell, close the book and extinguish a candle...)
(Mattea: It's three separate things, I see.)

bell, book & candle

Mattea
    $2000 22
Oliver North

Mattea
    $2000 1
(Nicky: What is Law & Order?)

NYPD Blue

MatteaNicky
    $2000 11
Mallorca

Mattea
    $2000 27
the Amatis

Triple Stumper
    $2000 6
(Mattea: What is the Jabberwock?)

the Snark

Mattea
Triple Stumper
    $2000 16
Wynken, Blynken & Nod

Triple Stumper

Scores at the end of the Double Jeopardy! Round:

Mattea Nicky Reya
$23,200 -$800 $5,000
(lock game)

[wagering suggestions for these scores]

Final Jeopardy! Round responses

AFRICAN SURNAMES
(Ken: [To Reya] That's the family and the original surname of NBA star Giannis Antetokounmpo.)
ReyaWhat is Greece?!
$4,900
MatteaWhat is the United Kingdom?
$7,000
Greece

Final scores:

Mattea Nicky Reya
$16,200 -$800 $9,900
16-day champion: $368,981 3rd place: $1,000 2nd place: $2,000

Game dynamics:

Coryat scores:

Mattea Nicky Reya
$25,800 -$800 $5,000
33 R
(including 2 DDs),
4 W
(including 1 DD)
5 R,
4 W
9 R,
1 W

Combined Coryat: $30,000

[game clues] [game scores] [suggest correction]

Game tape date: 2022-02-14
The J! Archive is created by fans, for fans. Scraping, republication, monetization, and malicious use prohibited; this site may use cookies and collect identifying information. See terms. The Jeopardy! game show and all elements thereof, including but not limited to copyright and trademark thereto, are the property of Jeopardy Productions, Inc. and are protected under law. This website is not affiliated with, sponsored by, or operated by Jeopardy Productions, Inc. Join the discussion at JBoard.tv.